| 000 | 00345nam a2200133Ia 4500 | ||
|---|---|---|---|
| 008 | 240624s9999 xx 000 0 und d | ||
| 041 | _aeng | ||
| 082 | _a828 THA | ||
| 100 | _aTHAKUR C P | ||
| 245 | _aMEMORIES OF A PROFESSOR AND PARLIAMENTAR | ||
| 260 |
_c2012 _aNew Delhi _bTata McGraw-Hill |
||
| 300 | _a174 : p. : cm. ; 24 | ||
| 365 |
_cRS _b33 |
||
| 999 |
_c25823 _d25823 |
||